000 00414nam a2200145 i 4500
001 102265
003 ES-MaACL
007 t|
008 051107s1953 sp ||||1| spa d
100 1 _aMenéndez Menéndez, Aurelio.
_980305
245 1 3 _aLa venta CIF /
_cAurelio Menéndez.
260 _aMadrid :
_bRevista de Derecho Privado,
_c1953.
300 _aXV, 239 p. ;
_c23 cm.
852 _aES-MaACL
_jC-8730
_bR.36843
999 _c102265
_d102265